面積が小さい市TOP100 - Statistics

General Stats
  • This quiz has been taken 146 times
  • The average score is 74 of 100
Answer Stats
順位 都道府県 面積(km²) Answer % Correct
1 埼玉県 5.11 蕨市
99%
2 東京都 6.39 狛江市
92%
13 東京都 11.30 小金井市
88%
28 東京都 15.75 西東京市
88%
31 東京都 16.42 三鷹市
88%
59 東京都 21.01 多摩市
88%
15 東京都 11.46 国分寺市
87%
4 東京都 8.15 国立市
86%
27 東京都 15.32 武蔵村山市
86%
3 京都府 7.72 向日市
85%
9 東京都 10.23 清瀬市
85%
11 東京都 10.98 武蔵野市
85%
87 東京都 29.43 府中市
85%
19 東京都 12.88 東久留米市
83%
34 東京都 17.14 東村山市
83%
57 東京都 20.51 小平市
83%
70 東京都 24.36 立川市
83%
8 東京都 10.16 福生市
82%
35 千葉県 17.25 浦安市
82%
63 東京都 21.58 調布市
82%
22 石川県 13.56 野々市市
81%
25 埼玉県 14.64 ふじみ野市
81%
17 大阪府 12.30 門真市
80%
18 大阪府 12.71 守口市
80%
42 東京都 17.97 稲城市
80%
44 埼玉県 18.19 戸田市
80%
82 埼玉県 27.46 草加市
80%
83 愛知県 27.49 あま市
80%
84 東京都 27.55 日野市
80%
5 大阪府 8.89 藤井寺市
79%
12 埼玉県 11.04 和光市
79%
58 千葉県 20.97 習志野市
79%
64 神奈川県 22.14 綾瀬市
79%
7 東京都 9.90 羽村市
77%
23 福岡県 14.15 春日市
77%
26 大阪府 14.87 摂津市
77%
36 神奈川県 17.28 逗子市
77%
39 宮城県 17.38 塩竈市
77%
40 神奈川県 17.57 座間市
77%
52 沖縄県 19.44 浦添市
77%
54 埼玉県 19.77 富士見市
77%
89 埼玉県 30.13 三郷市
77%
21 東京都 13.42 東大和市
76%
47 愛知県 18.37 北名古屋市
76%
50 京都府 19.17 長岡京市
76%
55 沖縄県 19.80 宜野湾市
76%
66 埼玉県 22.78 新座市
76%
37 東京都 17.34 昭島市
75%
46 埼玉県 18.34 朝霞市
75%
48 兵庫県 18.47 芦屋市
75%
53 宮城県 19.69 多賀城市
75%
6 埼玉県 9.05 志木市
74%
49 大阪府 18.69 四條畷市
74%
51 沖縄県 19.33 豊見城市
74%
78 神奈川県 26.59 海老名市
74%
13 大阪府 11.30 高石市
73%
24 大阪府 14.33 泉大津市
73%
45 大阪府 18.27 大東市
73%
60 愛知県 21.03 尾張旭市
73%
79 福岡県 26.89 大野城市
73%
91 埼玉県 31.66 吉川市
73%
30 愛知県 16.31 知立市
71%
32 奈良県 16.48 大和高田市
71%
16 大阪府 11.92 大阪狭山市
70%
33 大阪府 16.66 松原市
70%
43 埼玉県 18.02 八潮市
70%
62 愛知県 21.55 長久手市
70%
64 大阪府 22.14 池田市
70%
80 神奈川県 27.09 大和市
70%
86 鳥取県 29.11 境港市
70%
92 山梨県 31.69 中央市
70%
71 大阪府 24.70 寝屋川市
69%
73 兵庫県 25.00 伊丹市
69%
61 千葉県 21.08 鎌ケ谷市
68%
81 埼玉県 27.28 蓮田市
68%
94 京都府 32.19 城陽市
68%
41 埼玉県 17.65 鶴ヶ島市
67%
56 埼玉県 19.82 北本市
67%
76 大阪府 25.55 交野市
67%
77 大阪府 26.45 羽曳野市
67%
69 京都府 24.35 八幡市
65%
10 愛知県 10.47 岩倉市
64%
75 大阪府 25.33 柏原市
64%
93 神奈川県 32.05 三浦市
64%
68 奈良県 24.26 香芝市
63%
72 埼玉県 24.92 白岡市
63%
38 愛知県 17.35 清須市
62%
88 福岡県 29.60 太宰府市
62%
96 愛知県 33.66 大府市
62%
98 埼玉県 33.93 幸手市
62%
99 兵庫県 34.38 高砂市
62%
100 千葉県 34.52 四街道市
62%
20 愛知県 13.11 高浜市
60%
67 愛知県 23.22 豊明市
60%
97 奈良県 33.72 葛城市
60%
29 福岡県 15.96 中間市
57%
74 愛知県 25.09 津島市
57%
95 福岡県 33.62 大川市
57%
85 岐阜県 28.19 瑞穂市
56%
90 愛知県 30.23 江南市
54%
No matching quizzes found
Score Distribution
Percent of People with Each Score
Percentile by Number Answered
Your Score History
You have not taken this quiz